000 01013cam a2200241 a 4500
003 CO-ViMGA
005 20230915233600.0
008 980620q19971998ck a r 00010 spa d
040 _aCO-ViMGA
_bspa
_cCO-ViMGA
043 _as-ck---
_as-ve---
082 0 4 _aFr301.35 M474d
_219 ed.
110 2 _aCorporación Misión Siglo XXI (Bogotá)
_912448
245 1 3 _aLa Orinoquia en la integración colombo-venezolana /
_cCorporación Misión Siglo XXI ; investigador principal Fernando Medellín.
260 _aVillavicencio :
_bCorpes Orinoquia,
_c[1997?].
300 _a203 p. :
_bil. ;
_c23 cm.
500 _aTítulo en la contraportada: La orinoquia en la integración colombo-venezolana.
504 _aIncluye bibliografía.
651 0 _z Orinoquía (Región, Colombia)
_x Integración económica.
_912451
651 6 _aColombia
_x Relaciones económicas
_z Venezuela.
_912449
651 6 _aVenezuela
_x Relaciones económicas
_z Colombia.
_912450
700 1 _aMedellín, Fernando.
_912452
942 _2ddc
_cBK
999 _c37005
_d37005